Girls' Names in Top 1000-C (2023) - Statistics

General Stats
  • This quiz has been taken 303 times
  • The average score is 27 of 51
Answer Stats
Answer % Correct
Catherine
88%
Charlotte
88%
Chloe
82%
Caroline
80%
Cassandra
77%
Charlee
76%
Charleigh
76%
Charley
76%
Charli
76%
Charlie
76%
Claire
76%
Clara
76%
Clare
76%
Cora
76%
Christina
74%
Cali
73%
Callie
73%
Carla
72%
Camila
71%
Camilla
71%
Carolina
69%
Carly
68%
Camille
62%
Cameron
60%
Camryn
60%
Carmen
59%
Cecelia
59%
Cecilia
59%
Cassidy
57%
Chelsea
53%
Cleo
49%
Cynthia
47%
Coraline
46%
Celine
44%
Celia
42%
Cadence
41%
Celeste
41%
Colette
37%
Clementine
36%
Catalina
31%
Calliope
27%
Cheyenne
27%
Carter
25%
Cataleya
18%
Clover
16%
Collins
14%
Chaya
13%
Capri
12%
Chandler
12%
Chana
9%
Cielo
2%
No matching quizzes found
Score Distribution
Percent of People with Each Score
Percentile by Number Answered
Your Score History
You have not taken this quiz